[Event "Asian Continental op (Women) 17th"]
[Site "Makati"]
[Date "2018.12.16"]
[Round "7"]
[White "Gu, Tianlu"]
[Black "Wang, Jue"]
[Result "0-1"]
[WhiteElo "2231"]
[BlackElo "2367"]
[PlyCount "96"]
[EventDate "2018.12.10"]
[EventType "swiss"]
[EventRounds "9"]
[EventCountry "PHI"]
[SourceTitle "CBM 187 Extra"]
[Source "ChessBase"]
[SourceDate "2018.11.04"]
[SourceVersion "1"]
[SourceVersionDate "2018.11.04"]
[SourceQuality "1"]

1. e4 e5 2. Nf3 Nc6 3. Bb5 a6 4. Ba4 Nf6 5. 0-0 Be7 6. Re1 b5 7. Bb3 0-0 8. a4 b4 9. d4 d6 10. dxe5 Nxe5 11. Nxe5 dxe5 12. Qxd8 Rxd8 13. f3 Bc5+ 14. Kh1 a5 15. Bc4 Ba6 16. Bxa6 Rxa6 17. Nd2 Rc6 18. c3 bxc3 19. bxc3 Bb6 20. Nb1 Rd3 21. Na3 Nd7 22. Bb2 f6 23. h3 Kf7 24. Nb5 Rc4 25. Red1 Rxd1+ 26. Rxd1 Ke8 27. Ba3 Rxa4 28. h4 Kd8 29. Bf8 g6 30. g4 Rc4 31. Rd3 Bc5 32. Na3 Bxa3 33. Bxa3 Ra4 34. Bc5 Ke8 35. Be3 Rc4 36. Rd5 a4 37. Ra5 Rxc3 38. Bd2 Rxf3 39. Ra8+ Ke7 40. Kg2 Rd3 41. Bc1 Rc3 42. Bh6 a3 43. g5 fxg5 44. Bxg5+ Ke6 45. Ra6+ c6 46. Ra7 Rc2+ 47. Kf3 a2 48. Ke3 Rh2 0-1

[Event "Asian Continental op (Women) 17th"]
[Site "Makati"]
[Date "2018.12.15"]
[Round "6"]
[White "Wang, Jue"]
[Black "Li, Yunshan"]
[Result "1-0"]
[WhiteElo "2367"]
[BlackElo "2196"]
[PlyCount "63"]
[EventDate "2018.12.10"]
[EventType "swiss"]
[EventRounds "9"]
[EventCountry "PHI"]
[SourceTitle "CBM 187 Extra"]
[Source "ChessBase"]
[SourceDate "2018.11.04"]
[SourceVersion "1"]
[SourceVersionDate "2018.11.04"]
[SourceQuality "1"]

1. e4 c6 2. d4 d5 3. e5 c5 4. dxc5 e6 5. a3 Bxc5 6. b4 Bb6 7. Qg4 Ne7 8. Nf3 Ng6 9. Bd3 f5 10. Qh5 Nc6 11. Bb2 Nce7 12. Qg5 0-0 13. h4 h6 14. Qg3 Bd7 15. Nbd2 Bc7 16. 0-0 Qb8 17. Rfe1 Nh8 18. c4 dxc4 19. Nxc4 g6 20. Nd6 Nf7 21. Bc4 b5 22. Bb3 a5 23. Rad1 Rd8 24. Bc1 axb4 25. axb4 Ra1 26. Nxf7 Kxf7 27. Bxh6 Rxd1 28. Rxd1 Ng8 29. Bg5 Ne7 30. Bxe7 Kxe7 31. Qg5+ Ke8 32. Qxg6+ 1-0

[Event "Asian Continental op (Women) 17th"]
[Site "Makati"]
[Date "2018.12.14"]
[Round "5"]
[White "Wang, Jue"]
[Black "Frayna, Janelle Mae"]
[Result "1-0"]
[WhiteElo "2367"]
[BlackElo "2228"]
[PlyCount "111"]
[EventDate "2018.12.10"]
[EventType "swiss"]
[EventRounds "9"]
[EventCountry "PHI"]
[SourceTitle "CBM 187 Extra"]
[Source "ChessBase"]
[SourceDate "2018.11.04"]
[SourceVersion "1"]
[SourceVersionDate "2018.11.04"]
[SourceQuality "1"]

1. e4 c6 2. d4 d5 3. e5 c5 4. dxc5 e6 5. a3 Nc6 6. Nf3 Bxc5 7. b4 Bb6 8. Bd3 Nge7 9. Bb2 Ng6 10. 0-0 Nf4 11. c4 0-0 12. Nc3 Nxd3 13. Qxd3 dxc4 14. Qxc4 Bd7 15. Rad1 Ne7 16. Qg4 Nf5 17. Ne4 Kh8 18. Qh3 Qc8 19. Nfg5 h6 20. g4 Bb5 21. Rfe1 Ne7 22. Rc1 Qb8 23. Nd6 Be8 24. Nge4 Bc6 25. g5 Nf5 26. Nxf5 exf5 27. Qxf5 Qc8 28. Qxc8 Raxc8 29. gxh6 Bxe4 30. hxg7+ Kxg7 31. Rxe4 Kg6 32. Kg2 Kf5 33. Kf3 Rcd8 34. Rf4+ Ke6 35. Ke2 Rg8 36. Rcc4 Rg2 37. Rf6+ Ke7 38. Rcf4 Rxh2 39. Rxf7+ Ke6 40. R4f6+ Kd5 41. e6 Bxf2 42. Rxf2 Rxf2+ 43. Rxf2 Kxe6 44. Rf3 Rg8 45. Kd3 Kd5 46. Bd4 a6 47. Bf2 Rg7 48. Rf6 Rh7 49. Bg3 Rd7 50. Rb6 Rd8 51. Bh2 Rd7 52. a4 Rd8 53. a5 Rd7 54. Rh6 Rd8 55. Rh7 Ke6+ 56. Kc4 1-0

[Event "Asian Continental op (Women) 17th"]
[Site "Makati"]
[Date "2018.12.13"]
[Round "4"]
[White "Zhang, Xiao"]
[Black "Wang, Jue"]
[Result "0-1"]
[WhiteElo "2017"]
[BlackElo "2367"]
[PlyCount "47"]
[EventDate "2018.12.10"]
[EventType "swiss"]
[EventRounds "9"]
[EventCountry "PHI"]
[SourceTitle "CBM 187 Extra"]
[Source "ChessBase"]
[SourceDate "2018.11.04"]
[SourceVersion "1"]
[SourceVersionDate "2018.11.04"]
[SourceQuality "1"]

1. d4 Nf6 2. c4 e6 3. Nf3 d5 4. e3 Nbd7 5. Bd3 a6 6. b3 Bb4+ 7. Nbd2 b6 8. 0-0 Bb7 9. Bb2 Rc8 10. a3 Be7 11. Qe2 dxc4 12. Nxc4 c5 13. Nce5 Ra8 14. Rfd1 Nxe5 15. dxe5 Nd7 16. Rd2 b5 17. a4 b4 18. Rad1 Qc7 19. Rc2 g5 20. Nd2 Rg8 21. Nc4 g4 22. Rcd2 Bf3 23. Qe1 Bxd1 24. Qxd1 0-1

[Event "Asian Continental op (Women) 17th"]
[Site "Makati"]
[Date "2018.12.10"]
[Round "1"]
[White "Wang, Jue"]
[Black "Secopito, Catherine"]
[Result "1-0"]
[WhiteElo "2367"]
[BlackElo "2145"]
[PlyCount "45"]
[EventDate "2018.12.10"]
[EventType "swiss"]
[EventRounds "9"]
[EventCountry "PHI"]
[SourceTitle "CBM 187 Extra"]
[Source "ChessBase"]
[SourceDate "2018.11.04"]
[SourceVersion "1"]
[SourceVersionDate "2018.11.04"]
[SourceQuality "1"]

1. e4 e5 2. Nf3 Nf6 3. Nxe5 d6 4. Nf3 Nxe4 5. Nc3 Nxc3 6. dxc3 Be7 7. Be3 Nc6 8. Bd3 Be6 9. Qe2 Qd7 10. 0-0-0 a6 11. Kb1 0-0 12. h3 b5 13. g4 Rfe8 14. Rhe1 b4 15. c4 Bf6 16. Nd2 Na5 17. Ne4 Be7 18. Nc5 Qc8 19. Nxe6 Qxe6 20. Qf1 Qd7 21. Be4 c6 22. Bb6 Nb7 23. Bf5 1-0

[Event "CHN-chT"]
[Site "China"]
[Date "2018.11.29"]
[Round "21.4"]
[White "Wang, Jue"]
[Black "Gunina, Valentina"]
[Result "1/2-1/2"]
[WhiteElo "2367"]
[BlackElo "2497"]
[PlyCount "55"]
[EventDate "2018.04.11"]
[EventType "team-tourn"]
[EventRounds "22"]
[EventCountry "CHN"]
[SourceTitle "CBM 187 Extra"]
[Source "ChessBase"]
[SourceDate "2018.11.04"]
[SourceVersion "1"]
[SourceVersionDate "2018.11.04"]
[SourceQuality "1"]
[WhiteTeam "Beijing Beiao"]
[BlackTeam "Chendu Beilei Youth"]
[WhiteTeamCountry "CHN"]
[BlackTeamCountry "CHN"]

1. e4 c6 2. Nf3 d5 3. Nc3 Bg4 4. h3 Bxf3 5. Qxf3 e6 6. d4 dxe4 7. Qxe4 Nf6 8. Qd3 Nd5 9. Ne4 Nd7 10. Be2 N7f6 11. c3 Nxe4 12. Qxe4 Bd6 13. 0-0 Qf6 14. g3 0-0-0 15. Qf3 Rhe8 16. Qxf6 Nxf6 17. Bf3 h6 18. h4 Kc7 19. Re1 a6 20. Kg2 Kc8 21. Bd2 Bc7 22. Rad1 Rd7 23. Bc1 Red8 24. Kg1 Kb8 25. Kg2 Kc8 26. Kg1 Kb8 27. Kg2 Kc8 28. Kg1 1/2-1/2

[Event "CHN-chT"]
[Site "China"]
[Date "2018.11.28"]
[Round "20.5"]
[White "Girya, Olga"]
[Black "Wang, Jue"]
[Result "1/2-1/2"]
[WhiteElo "2481"]
[BlackElo "2367"]
[PlyCount "85"]
[EventDate "2018.04.11"]
[EventType "team-tourn"]
[EventRounds "22"]
[EventCountry "CHN"]
[SourceTitle "CBM 187 Extra"]
[Source "ChessBase"]
[SourceDate "2018.11.04"]
[SourceVersion "1"]
[SourceVersionDate "2018.11.04"]
[SourceQuality "1"]
[WhiteTeam "Hangzhou Bank"]
[BlackTeam "Beijing Beiao"]
[WhiteTeamCountry "CHN"]
[BlackTeamCountry "CHN"]

1. d4 Nf6 2. c4 e6 3. Nf3 d5 4. Nc3 c5 5. cxd5 Nxd5 6. e4 Nxc3 7. bxc3 cxd4 8. cxd4 Bb4+ 9. Bd2 Bxd2+ 10. Qxd2 0-0 11. Rc1 b6 12. Bd3 Ba6 13. Bxa6 Nxa6 14. 0-0 Qe7 15. Qe2 Qb7 16. Ne5 Rac8 17. Qb5 Nb8 18. d5 exd5 19. exd5 Qe7 20. Nc6 Nxc6 21. Rxc6 Rxc6 22. dxc6 Rc8 23. Rc1 Rc7 24. g3 h6 25. h4 Qd6 26. h5 Qf6 27. Qe2 Qe6 28. Qc2 Qd5 29. Qe2 Qe6 30. Qf3 b5 31. a3 a5 32. Rc5 b4 33. Rxa5 bxa3 34. Ra8+ Rc8 35. c7 a2 36. Qb7 Rxa8 37. Qxa8+ Kh7 38. Kg2 a1Q 39. Qxa1 Qc6+ 40. Kh2 Qxc7 41. Qb1+ Kg8 42. Qe4 Qd7 43. Qa8+ 1/2-1/2

[Event "Divcibare Narcis GM-B"]
[Site "Divcibare"]
[Date "2018.10.08"]
[Round "9"]
[White "Lalic, Bogdan"]
[Black "Wang, Jue"]
[Result "0-1"]
[WhiteElo "2403"]
[BlackElo "2363"]
[PlyCount "76"]
[EventDate "2018.09.30"]
[EventType "tourn"]
[EventRounds "9"]
[EventCountry "SRB"]
[EventCategory "6"]
[SourceTitle "CBM 187 Extra"]
[Source "ChessBase"]
[SourceDate "2018.11.04"]
[SourceVersion "1"]
[SourceVersionDate "2018.11.04"]
[SourceQuality "1"]

1. d4 Nf6 2. c4 e6 3. Nf3 d5 4. Nc3 Nbd7 5. cxd5 exd5 6. Bf4 c6 7. e3 Nb6 8. Rc1 Bg4 9. Be2 Bd6 10. Bxd6 Qxd6 11. 0-0 0-0 12. Ne1 Bxe2 13. Qxe2 Qe7 14. a3 Nc4 15. Nd3 Rfe8 16. h3 Rad8 17. Rfe1 Nd6 18. Rc2 Qd7 19. f3 Nc4 20. Qf2 Qf5 21. Nc5 Rxe3 22. Rxe3 Nxe3 23. Re2 Nc4 24. Nxb7 Rb8 25. Nc5 h6 26. h4 Qg6 27. Nd1 Nh5 28. Re7 Nf4 29. Kh1 Nd3 30. Nxd3 Qxd3 31. Re1 Kh7 32. Qg3 Qxd4 33. Kh2 Rb7 34. h5 Qf6 35. Ne3 Nxe3 36. Rxe3 Rxb2 37. Re8 Rb1 38. Ra8 Qd4 0-1

[Event "Divcibare Narcis GM-B"]
[Site "Divcibare"]
[Date "2018.10.07"]
[Round "8"]
[White "Wang, Jue"]
[Black "Popchev, Milko"]
[Result "1-0"]
[WhiteElo "2363"]
[BlackElo "2267"]
[PlyCount "93"]
[EventDate "2018.09.30"]
[EventType "tourn"]
[EventRounds "9"]
[EventCountry "SRB"]
[EventCategory "6"]
[SourceTitle "CBM 187 Extra"]
[Source "ChessBase"]
[SourceDate "2018.11.04"]
[SourceVersion "1"]
[SourceVersionDate "2018.11.04"]
[SourceQuality "1"]

1. e4 g6 2. d4 Bg7 3. c4 d6 4. f3 Nc6 5. Be3 e5 6. Ne2 Nf6 7. Nbc3 0-0 8. Qd2 Nd7 9. d5 Ne7 10. g4 f5 11. g5 f4 12. Bf2 a5 13. Bh3 Nc5 14. Bxc8 Nxc8 15. h4 h5 16. gxh6 Bf6 17. h7+ Kxh7 18. 0-0-0 Rg8 19. Rdg1 Nb6 20. Bxc5 dxc5 21. Qd3 Kh8 22. Rg4 Nc8 23. Ng1 Nd6 24. Nh3 Qe7 25. Qe2 Rg7 26. Ng5 Bxg5 27. hxg5+ Kg8 28. Nd1 Rh7 29. Rxh7 Qxh7 30. Qf2 b6 31. Rh4 Qg7 32. Qf1 Re8 33. Nf2 Nf7 34. Qg2 Kf8 35. Qg4 Ke7 36. Qe6+ Kd8 37. Qc6 Nd6 38. Rh6 Rh8 39. Ng4 Rxh6 40. gxh6 Qe7 41. Qa8+ Nc8 42. d6 cxd6 43. Qd5 Qh4 44. Kd2 Qh1 45. Ke2 Kc7 46. Qf7+ Kb8 47. h7 1-0

[Event "Divcibare Narcis GM-B"]
[Site "Divcibare"]
[Date "2018.10.04"]
[Round "5"]
[White "Andreev, Eduard"]
[Black "Wang, Jue"]
[Result "0-1"]
[WhiteElo "2427"]
[BlackElo "2363"]
[PlyCount "56"]
[EventDate "2018.09.30"]
[EventType "tourn"]
[EventRounds "9"]
[EventCountry "SRB"]
[EventCategory "6"]
[SourceTitle "CBM 187 Extra"]
[Source "ChessBase"]
[SourceDate "2018.11.04"]
[SourceVersion "1"]
[SourceVersionDate "2018.11.04"]
[SourceQuality "1"]

1. e4 c5 2. Nf3 d6 3. d4 cxd4 4. Nxd4 Nf6 5. Nc3 a6 6. Be3 e5 7. Nb3 Be6 8. f3 h5 9. Qd2 Nbd7 10. 0-0-0 b5 11. Kb1 Rc8 12. h3 h4 13. Bd3 Be7 14. Qf2 Qc7 15. f4 b4 16. Ne2 a5 17. f5 Bc4 18. Rc1 d5 19. Nd2 Nxe4 20. Nxe4 dxe4 21. Bxe4 Bxa2+ 22. Kxa2 Qc4+ 23. Kb1 Qxe4 24. Rhe1 b3 25. Nc3 Rxc3 26. bxc3 b2 27. Rcd1 Qa4 28. Kxb2 Ba3+ 0-1

[Event "Divcibare Narcis GM-B"]
[Site "Divcibare"]
[Date "2018.10.01"]
[Round "2"]
[White "Savic, Miodrag R"]
[Black "Wang, Jue"]
[Result "1/2-1/2"]
[WhiteElo "2506"]
[BlackElo "2363"]
[PlyCount "25"]
[EventDate "2018.09.30"]
[EventType "tourn"]
[EventRounds "9"]
[EventCountry "SRB"]
[EventCategory "6"]
[SourceTitle "CBM 187 Extra"]
[Source "ChessBase"]
[SourceDate "2018.11.04"]
[SourceVersion "1"]
[SourceVersionDate "2018.11.04"]
[SourceQuality "1"]

1. e4 c5 2. c3 Nf6 3. e5 Nd5 4. Nf3 e6 5. g3 d6 6. Bg2 Nc6 7. exd6 Bxd6 8. d4 0-0 9. 0-0 h6 10. dxc5 Bxc5 11. Nbd2 Qe7 12. Qe2 a5 13. Ne4 1/2-1/2

[Event "Divcibare Narcis GM-A"]
[Site "Divcibare"]
[Date "2018.09.26"]
[Round "6"]
[White "Kotronias, Vasilios"]
[Black "Wang, Jue"]
[Result "0-1"]
[WhiteElo "2505"]
[BlackElo "2363"]
[PlyCount "90"]
[EventDate "2018.09.22"]
[EventType "tourn"]
[EventRounds "9"]
[EventCountry "SRB"]
[EventCategory "6"]
[SourceTitle "CBM 187 Extra"]
[Source "ChessBase"]
[SourceDate "2018.11.04"]
[SourceVersion "1"]
[SourceVersionDate "2018.11.04"]
[SourceQuality "1"]

1. e4 c5 2. Nc3 a6 3. g3 e6 4. Bg2 Ne7 5. f4 Nbc6 6. Nf3 d5 7. d3 g6 8. 0-0 Bg7 9. Bd2 0-0 10. e5 Nf5 11. a3 b5 12. Kh1 Bb7 13. Rb1 f6 14. exf6 Bxf6 15. Ng5 Qd6 16. Re1 Rae8 17. b4 cxb4 18. axb4 Nd8 19. Nf3 Nf7 20. Ne2 d4 21. Nc1 e5 22. Nb3 Ne3 23. Bxe3 dxe3 24. Nc5 Bd5 25. f5 gxf5 26. Rxe3 Nh6 27. Re2 Ng4 28. h3 Nh6 29. Nh2 Kh8 30. Ra1 Ra8 31. c4 Bxg2+ 32. Rxg2 a5 33. cxb5 axb4 34. Na6 Rac8 35. Rb1 Qd5 36. Rxb4 e4 37. b6 Qb7 38. Ra2 Rfe8 39. Rb1 Bd4 40. Ra5 f4 41. Qh5 Qxb6 42. Rxb6 Rc1+ 43. Nf1 Rxf1+ 44. Kg2 Rg1+ 45. Kh2 fxg3# 0-1

[Event "Divcibare Narcis GM-A"]
[Site "Divcibare"]
[Date "2018.09.24"]
[Round "3"]
[White "Wang, Jue"]
[Black "Warmerdam, Max"]
[Result "1-0"]
[WhiteElo "2363"]
[BlackElo "2420"]
[PlyCount "71"]
[EventDate "2018.09.22"]
[EventType "tourn"]
[EventRounds "9"]
[EventCountry "SRB"]
[EventCategory "6"]
[SourceTitle "CBM 187 Extra"]
[Source "ChessBase"]
[SourceDate "2018.11.04"]
[SourceVersion "1"]
[SourceVersionDate "2018.11.04"]
[SourceQuality "1"]

1. e4 c5 2. Nf3 d6 3. d4 cxd4 4. Nxd4 Nf6 5. Nc3 a6 6. h3 e6 7. g4 h6 8. Bg2 g5 9. b3 Nbd7 10. Qd2 Ne5 11. Bb2 b5 12. 0-0-0 Bb7 13. Nce2 Qe7 14. f4 gxf4 15. Nxf4 Nfd7 16. Rhf1 0-0-0 17. Rde1 Rh7 18. Re3 Bg7 19. Kb1 Kb8 20. Nde2 Bf6 21. Bc3 Nc5 22. Ba5 Rd7 23. Nd4 Bg5 24. Qe2 Rh8 25. Rc3 Rc8 26. a4 Nc6 27. Nxc6+ Bxc6 28. e5 Rb7 29. exd6 Qxd6 30. Rd1 Qxf4 31. Rxc5 Bxg2 32. Rxc8+ Kxc8 33. Qxg2 bxa4 34. Qc6+ Kb8 35. Bb6 axb3 36. Qe8+ 1-0

[Event "Asia Nations Cup (Women)"]
[Site "Hamedan"]
[Date "2018.07.28"]
[Round "1.2"]
[White "Wang, Jue"]
[Black "Pham, Le Thao Nguyen"]
[Result "1/2-1/2"]
[WhiteElo "2377"]
[BlackElo "2334"]
[PlyCount "81"]
[EventDate "2018.07.28"]
[EventType "team-tourn"]
[EventRounds "7"]
[EventCountry "IRI"]
[SourceTitle "CBM 186 Extra"]
[Source "ChessBase"]
[SourceDate "2018.08.24"]
[SourceVersion "1"]
[SourceVersionDate "2018.08.24"]
[SourceQuality "1"]
[WhiteTeam "China (W)"]
[BlackTeam "Vietnam (W)"]
[WhiteTeamCountry "CHN"]
[BlackTeamCountry "VIE"]

1. e4 e5 2. Nf3 Nc6 3. Bc4 Bc5 4. 0-0 Nf6 5. d3 0-0 6. h3 d6 7. c3 a6 8. Bb3 Ba7 9. Nbd2 Ne7 10. Re1 Ng6 11. Nf1 Be6 12. Bc2 Qc8 13. d4 Nh5 14. Ne3 Nhf4 15. Nf5 Re8 16. g3 Nxh3+ 17. Kg2 d5 18. N3h4 dxe4 19. Bxe4 exd4 20. Qf3 Qd7 21. Kxh3 d3 22. Rd1 Ne5 23. Qg2 h5 24. f3 g6 25. g4 Kh7 26. Bf4 Bd5 27. Bxe5 Bxe4 28. Ng3 hxg4+ 29. Kh2 Bxf3 30. Nxf3 gxf3 31. Ne4 fxg2 32. Nf6+ Kh6 33. Nxd7 Rad8 34. Rxd3 g1Q+ 35. Rxg1 Bxg1+ 36. Kxg1 Rxd7 37. Bf4+ g5 38. Bxg5+ Kxg5 39. Rxd7 f5 40. Rxc7 b5 41. Kf2 1/2-1/2

[Event "Asia Nations Cup (Women) rapid"]
[Site "Hamedan"]
[Date "2018.07.27"]
[Round "4"]
[White "Wang, Jue"]
[Black "Nakhbayeva, Guliskhan"]
[Result "1/2-1/2"]
[WhiteElo "2398"]
[BlackElo "2279"]
[PlyCount "170"]
[EventDate "2018.07.27"]
[EventType "team-tourn (rapid)"]
[EventRounds "7"]
[EventCountry "IRI"]
[SourceTitle "CBM 186 Extra"]
[Source "ChessBase"]
[SourceDate "2018.08.24"]
[SourceVersion "1"]
[SourceVersionDate "2018.08.24"]
[SourceQuality "1"]

1. e4 e5 2. Nf3 Nc6 3. Bc4 Nf6 4. d3 Be7 5. 0-0 0-0 6. Re1 d6 7. a4 Na5 8. Ba2 c5 9. Nc3 a6 10. Bg5 h6 11. Bxf6 Bxf6 12. Nd5 Be6 13. Nd2 g6 14. Nf1 Bg7 15. Nfe3 Nc6 16. c3 Kh8 17. g3 Rb8 18. Ng2 b5 19. Rb1 Qd7 20. axb5 axb5 21. Nh4 Kh7 22. Ra1 Qd8 23. Ne3 Bd7 24. Bd5 Ne7 25. Bb3 Bc6 26. Ra7 Rb7 27. Ra6 Rb6 28. Ra7 Rb7 29. Qa1 f5 30. exf5 gxf5 31. Be6 f4 32. Nef5 Bf6 33. Rxb7 Bxb7 34. Qa7 Qc7 35. Nxe7 Bxe7 36. Bd5 Bxh4 37. Qxb7 Qxb7 38. Bxb7 fxg3 39. hxg3 Bg5 40. Ra1 Rf7 41. Bd5 Rc7 42. Ra6 Bc1 43. Rxd6 Bxb2 44. Be4+ Kg7 45. Rg6+ Kf8 46. Rb6 Bxc3 47. Rxb5 Bd4 48. Kg2 Rf7 49. f3 Kg7 50. Kh3 Rf6 51. Kg4 Rd6 52. Rb7+ Kf6 53. Rh7 Be3 54. f4 exf4 55. gxf4 Ke6 56. Rxh6+ Ke7 57. Rh7+ Kf6 58. Rh3 Bc1 59. Rh5 Be3 60. Bd5 Kg7 61. Re5 Bd4 62. Re7+ Kf6 63. Rf7+ Kg6 64. f5+ Kh6 65. Bc4 Rb6 66. Re7 Rf6 67. Be6 Rf8 68. Rb7 Be5 69. Bf7 Kg7 70. Bg6+ Kf6 71. Rb6+ Kg7 72. Rb7+ Kf6 73. Kf3 Bd4 74. Ke4 Kg5 75. Kd5 Rd8+ 76. Ke6 Rf8 77. Rb1 Rf6+ 78. Ke7 Ra6 79. Re1 Ra7+ 80. Ke6 Ra3 81. Rd1 Ra2 82. Rh1 Re2+ 83. Kf7 Rf2 84. Rh5+ Kg4 85. Rh1 Ra2 1/2-1/2

[Event "CHN-chT"]
[Site "China"]
[Date "2018.07.13"]
[Round "11.4"]
[White "Wang, Jue"]
[Black "Huang, Qian"]
[Result "0-1"]
[WhiteElo "2365"]
[BlackElo "2440"]
[PlyCount "78"]
[EventDate "2018.04.11"]
[EventType "team-tourn"]
[EventRounds "22"]
[EventCountry "CHN"]
[SourceTitle "EXT 2019"]
[Source "ChessBase"]
[SourceDate "2018.10.10"]
[SourceVersion "1"]
[SourceVersionDate "2018.10.10"]
[SourceQuality "1"]
[WhiteTeam "Beijing Beiao"]
[BlackTeam "Shandong Jingzhi"]
[WhiteTeamCountry "CHN"]
[BlackTeamCountry "CHN"]

1. e4 c5 2. Nf3 d6 3. d4 cxd4 4. Nxd4 Nf6 5. Nc3 a6 6. Bg5 e6 7. f4 h6 8. Bh4 Be7 9. Qf3 Qc7 10. 0-0-0 Nbd7 11. Be2 b5 12. a3 Rb8 13. Be1 Bb7 14. Qe3 Nb6 15. Bf3 Nc4 16. Qe2 Ba8 17. g4 g6 18. h4 e5 19. fxe5 dxe5 20. Nb3 a5 21. Nd5 Bxd5 22. exd5 a4 23. Na5 e4 24. Nxc4 bxc4 25. Bg2 0-0 26. Bc3 Rfd8 27. g5 Nxd5 28. Rxd5 Rxd5 29. Qxe4 Rf5 30. Re1 Bf8 31. h5 Rf4 32. Qe3 Bc5 33. Qh3 Qc8 34. Qh1 Bd4 35. Bxd4 Rxd4 36. hxg6 Qf5 37. gxf7+ Qxf7 38. Qxh6 Re8 39. Rf1 Qxf1+ 0-1

[Event "CHN-chT (Women)"]
[Site "Hangzhou"]
[Date "2018.06.24"]
[Round "8.2"]
[White "Gu, Tianlu"]
[Black "Wang, Jue"]
[Result "1/2-1/2"]
[WhiteElo "2210"]
[BlackElo "2380"]
[PlyCount "60"]
[EventDate "2018.06.19"]
[EventType "team-swiss"]
[EventRounds "9"]
[EventCountry "CHN"]
[SourceTitle "CBM 185 Extra"]
[Source "ChessBase"]
[SourceDate "2018.07.29"]
[SourceVersion "1"]
[SourceVersionDate "2018.07.29"]
[SourceQuality "1"]
[WhiteTeam "Hangzhou (W)"]
[BlackTeam "Beijing Beiao (W)"]
[WhiteTeamCountry "CHN"]
[BlackTeamCountry "CHN"]

1. e4 e5 2. Nf3 Nf6 3. Nxe5 d6 4. Nf3 Nxe4 5. d4 d5 6. Bd3 Bf5 7. 0-0 Be7 8. Re1 0-0 9. Nbd2 Nd6 10. Nf1 Nd7 11. Ng3 Bxd3 12. Qxd3 Nf6 13. Bf4 Nfe4 14. Bxd6 Nxd6 15. Nf5 Nxf5 16. Qxf5 g6 17. Qd3 Bd6 18. Qb3 Rb8 19. Ne5 c6 20. Qh3 Bxe5 21. Rxe5 f6 22. Re2 Qc8 23. Qc3 Re8 24. Rxe8+ Qxe8 25. Re1 Qd7 26. Qe3 Kf7 27. Qh6 Kg8 28. Qe3 Kf7 29. Qh6 Kg8 30. Qe3 Kf7 1/2-1/2

[Event "CHN-ch blitz (Women)"]
[Site "Tianjin"]
[Date "2018.06.08"]
[Round "7"]
[White "Zhu, Jiner"]
[Black "Wang, Jue"]
[Result "1-0"]
[WhiteElo "2336"]
[BlackElo "2380"]
[PlyCount "125"]
[EventDate "2018.06.07"]
[EventType "swiss (blitz)"]
[EventRounds "9"]
[EventCountry "CHN"]
[SourceTitle "CBM 184 Extra"]
[Source "ChessBase"]
[SourceDate "2018.06.28"]
[SourceVersion "1"]
[SourceVersionDate "2018.06.28"]
[SourceQuality "1"]

1. e4 e5 2. Nf3 Nc6 3. Bb5 a6 4. Ba4 Nf6 5. 0-0 Be7 6. Re1 b5 7. Bb3 0-0 8. c3 d5 9. exd5 Nxd5 10. Nxe5 Nxe5 11. Rxe5 c6 12. d4 Bd6 13. Re1 Qh4 14. g3 Qh3 15. Qd3 Bf5 16. Qf1 Qh5 17. Be3 Rae8 18. Nd2 Bh3 19. Qe2 Bg4 20. Qf1 Bh3 21. Qe2 Bg4 22. Qf1 Re6 23. Bxd5 cxd5 24. f3 Bh3 25. Qf2 f5 26. f4 Bg4 27. Nf1 Re4 28. Bd2 h6 29. Rxe4 fxe4 30. Ne3 Bf3 31. a4 b4 32. cxb4 Rf6 33. Rc1 Rg6 34. Kf1 Qh3+ 35. Ke1 Qd7 36. Nxd5 Qxa4 37. Qe3 Qb5 38. Nc3 Qh5 39. Qf2 Bxb4 40. Nd1 Bxd2+ 41. Kxd2 Qb5 42. Rc3 Rd6 43. Ke1 Qb4 44. Qd2 Kh7 45. Rc2 Qa4 46. Nc3 Qd7 47. Ne2 Bxe2 48. Qxe2 Rxd4 49. Rd2 Rxd2 50. Qxd2 Qb5 51. Kf2 Qc5+ 52. Qe3 Qc2+ 53. Qe2 Qc5+ 54. Kg2 Qd4 55. f5 a5 56. g4 Qd5 57. Kg3 Qe5+ 58. Kg2 Qf4 59. h3 a4 60. Qa6 Qf3+ 61. Kh2 Qf2+ 62. Kh1 Qf1+ 63. Qxf1 1-0

[Event "CHN-ch rapid (Women)"]
[Site "Tianjin"]
[Date "2018.06.07"]
[Round "9"]
[White "Wang, Jue"]
[Black "Huang, Qian"]
[Result "0-1"]
[WhiteElo "2380"]
[BlackElo "2449"]
[PlyCount "120"]
[EventDate "2018.06.06"]
[EventType "swiss (rapid)"]
[EventRounds "9"]
[EventCountry "CHN"]
[SourceTitle "CBM 184 Extra"]
[Source "ChessBase"]
[SourceDate "2018.06.28"]
[SourceVersion "1"]
[SourceVersionDate "2018.06.28"]
[SourceQuality "1"]

1. e4 d5 2. exd5 Qxd5 3. Nf3 Nf6 4. c4 Qd8 5. d4 g6 6. Nc3 Bg7 7. Be2 0-0 8. 0-0 c6 9. Re1 Bf5 10. h3 Ne4 11. Be3 c5 12. Rc1 cxd4 13. Nxd4 Nxc3 14. bxc3 Be4 15. Bf3 Bxf3 16. Qxf3 Qc7 17. Bg5 e5 18. Nb5 Qxc4 19. Nd6 Qc7 20. Qxb7 Qxb7 21. Nxb7 Nc6 22. Red1 f6 23. Be3 Rf7 24. Nd6 Rd7 25. Ne4 Rad8 26. Rxd7 Rxd7 27. Nc5 Rd5 28. c4 Rd8 29. Rb1 Rb8 30. Rd1 Rd8 31. Rd5 Kf7 32. Nb7 Rxd5 33. cxd5 Nb4 34. Nd8+ Ke8 35. Ne6 Nxd5 36. Nxg7+ Kf7 37. Bh6 a5 38. g4 a4 39. Nf5 gxf5 40. gxf5 Ne7 41. Kf1 Nxf5 42. Bd2 Ke6 43. Ke2 Kd5 44. Kd3 Nd6 45. a3 Nc4 46. Bb4 f5 47. f3 h5 48. Be7 Nd6 49. Kc3 Nb5+ 50. Kd3 Nd4 51. Ke3 Nc6 52. Bf8 Nd4 53. Be7 f4+ 54. Kf2 e4 55. fxe4+ Kxe4 56. Bc5 Nf3 57. Be7 Ne5 58. Bd6 Nd3+ 59. Ke2 f3+ 60. Kd2 Nf4 0-1

[Event "CHN-ch rapid (Women)"]
[Site "Tianjin"]
[Date "2018.06.07"]
[Round "7"]
[White "Wang, Jue"]
[Black "Shen, Yang"]
[Result "1-0"]
[WhiteElo "2380"]
[BlackElo "2468"]
[PlyCount "163"]
[EventDate "2018.06.06"]
[EventType "swiss (rapid)"]
[EventRounds "9"]
[EventCountry "CHN"]
[SourceTitle "CBM 184 Extra"]
[Source "ChessBase"]
[SourceDate "2018.06.28"]
[SourceVersion "1"]
[SourceVersionDate "2018.06.28"]
[SourceQuality "1"]

1. e4 e5 2. Nf3 Nc6 3. Bb5 a6 4. Ba4 Nf6 5. d3 b5 6. Bb3 Bc5 7. c3 0-0 8. Bg5 Re8 9. Nbd2 h6 10. Bh4 Be7 11. Nf1 d6 12. Ne3 Nh7 13. Bg3 Ng5 14. Nxg5 Bxg5 15. Bd5 Bd7 16. h4 Bf6 17. Qh5 Qe7 18. Nf5 Qf8 19. 0-0 Rab8 20. f4 Bxf5 21. Bxc6 Bg6 22. Qf3 exf4 23. Bxf4 Bxh4 24. Bxe8 Qxe8 25. g3 Be7 26. Rae1 Qd7 27. d4 Re8 28. Kg2 Bf8 29. Re3 c6 30. Rfe1 Rc8 31. d5 cxd5 32. exd5 Bf5 33. Qe2 Qb7 34. Qf3 Qd7 35. g4 Bxg4 36. Qf2 Qf5 37. Re8 Qxd5+ 38. Kg3 Rxe8 39. Rxe8 Bd7 40. Rd8 Qe6 41. Qf3 Qe7 42. Ra8 Kh7 43. Qe3 Be6 44. Qd3+ f5 45. Rxa6 Qb7 46. Ra3 Qh1 47. Qf3 Qg1+ 48. Qg2 Qd1 49. Qd2 Qg4+ 50. Kf2 d5 51. Ra6 Bf7 52. b4 Be7 53. Bg3 Bf6 54. Qf4 Qh3 55. Qc7 Qh5 56. Ra7 Bg6 57. Qc6 Qg5 58. Qxd5 f4 59. Qxg5 hxg5 60. Bh2 Bxc3 61. Ra5 Bd3 62. Ra3 Bd4+ 63. Kf3 Bf5 64. Ra5 Bd7 65. Ra6 Be3 66. Rd6 Bh3 67. Rd5 g4+ 68. Ke2 Bg2 69. Rxb5 Bf3+ 70. Kd3 Bg2 71. Rg5 Bf3 72. b5 Kh6 73. Re5 g5 74. Rxe3 fxe3 75. Kxe3 Kg6 76. a4 Kf6 77. Kd4 Ke6 78. Kc5 Kd7 79. Kb6 Kc8 80. a5 Be4 81. Ka7 Bd5 82. b6 1-0